01231nam a22002895a 4500999001700000003000900017005001700026008004100043020001800084040004300102082002300145100004700168245019100215264006100406264001000467300004500477336002600522337002800548338002700576504005200603650003200655650003900687653003500726655002400761942001200785952014400797 c20724d20696EG-ScBUE20201101100957.0150827t2015 ii a f b 001 0 eng d a9789351525523 aEG-ScBUEbengerdacEG-ScBUEdEG-ScBUE04a610.73069bBHA2221 aBhattarai, Sunita Pokhrel,eauthor.93872410aStep by step ranking file for the nurses /cSunita Pokhrel Bhattarai, registered nurse, community health nursing specialty, Tribhuvan University, Institute of Medicine, Kathmandu, Nepal. 1aNew Delhi :bJaypee Brothers Medical Publishers,c[2015] 4cc2015 axii, 524 pages :billustrations ;c25 cm 2rdacontentatextbtxt 2rdamediaaunmediatedbn 2rdacarrieravolumebnc aIncludes bibliographical references and index.  7aPharmacology.2BUEsh912590 7aPsychiatric nursing.2BUEsh936309 bNNURcAugust2015cNovember2015 vReading book934232 2ddccBB 00102ddc40708BaccahaMAINbMAINc1STd2015-08-27ePurchaseg190.00h21764l0o610.73069 BHAp000030725r2025-07-15 00:00:00v238.00yBB